Responses for Show #3515 - Friday, December 10, 1999

Darlene Lieblich game 1.

Contestants

[<< previous game]

Darlene Lieblich, a television executive from Van Nuys, California

Mike Bartley, a social studies teacher originally from New Berlin, Wisconsin

Clif Bailey, a peace officer and firefighter from Euless, Texas (whose 1-day cash winnings total $7,585)

[next game >>]

Jeopardy! Round responses

THE PERIODIC TABLE
KUBRICK CLASSICS
WWII
BEFORE & AFTER
ROBIN
THE CRADLE
(Alex: A little play on words.)
    $100 13
Atomic number

Clif
    $100 1
2001: A Space Odyssey

Darlene
    $100 7
Pearl Harbor/Hawaii

Clif
    $100 21
(Darlene: Who is King Cole Porter?)
(Alex: Okay, we'll accept.)

Old King Cole Porter

Darlene
    $100 2
Robin Williams

Clif
    $100 18
The grave

Clif
    $200 14
Helium

Darlene
    $200 3
Eyes Wide Shut

Clif
    $200 8
Flack

Darlene
    $200 24
(Alex: Minute to go.)

Michael J. Fox Mulder

Mike
    $200 9
Robin Hood

Clif
    $200 19
Cat's cradle

Darlene
    $300 15
Robert Bunsen

Clif
    $300 4
(Clif: What is Dr. Strangelove or: How I Learned to Love the Bomb?)

Dr. Strangelove or: How I Learned to Stop Worrying and Love the Bomb

ClifDarlene
    $300 10
(Mike: What is 2 million?)
(Darlene: What is 5 million?)

10 million

ClifMikeDarlene
    $300 25
Cary Grant Wood

Darlene
    $300 20
(Darlene: Who is Robin Gibbs?)

Robin Gibb

MikeDarlene
    $300 28
Faneuil Hall

Darlene
    $400 16
Prometheum

Darlene
    $400 5
Lolita

Darlene
    $400 11
Joseph Stalin

Clif
    $400 26
Billy Joel Chandler Harris

Darlene
    $400 22
Robin Wright

Clif
    $400 29
Hercules

Mike
    $500 17
(Darlene: It just went right out of my head!)

cobalt

MikeDarlene
    $500 6
The Shining

Mike
    $500 12
Midway

Clif
    $500 27
[NOTE: Although not mentioned, "The Little Prince Charles" may have also been an acceptable response.]

The Little Prince of Wales

Triple Stumper
    $500 23
Robin Cook

Mike
    $500 30
Isaac Newton

Triple Stumper

Scores at the first commercial break (after clue 12):

Clif Mike Darlene
$1,500 $200 $700

Scores at the end of the Jeopardy! Round:

Clif Mike Darlene
$2,400 $2,100 $1,800

Double Jeopardy! Round responses

EAST ASIAN CITIES
THEY SAYETH OF BEAUTY
LANGUAGES
20th CENTURY FACES
GUINNESS
RECORDS
    $200 24
(Darlene: [No response])

Nagano

MikeDarlene
    $200 7
Leonardo da Vinci

Darlene
    $200 1
Spanish

Mike
    $200 2
Golda Meir

Clif
    $200 14
Dublin

Mike
    $200 19
In Southern California

Darlene
    $400 25
(Mike: What is Honshu?)
(Clif: What is Singapore?)
...
(Alex: With about a minute to go.)

Taiwan

ClifMike
Triple Stumper
    $400 8
Lord Byron

Triple Stumper
    $400 10
Greek

Darlene
    $400 3
Anita Hill

Mike
    $400 15
Pint

Clif
    $400 20
"Jump"

Clif
    $600 26
Pyongyang

Mike
    $600 9
The Picture of Dorian Gray

Triple Stumper
    $600 11
English

Darlene
    $600 4
Alexander Solzhenitsyn

Darlene
    $600 16
Champagne

Clif
    $600 21
"Every Breath You Take"

Mike
    $800 27
Nanking

Clif
    $800 29
Alexander Pope

Triple Stumper
    $800 12
Irish

Clif
    $800 5
Juan Peron

Darlene
    $1,000 17
(Clif: I haven't a clue!)

Harp

Clif
    $800 22
"I Can't Help Falling In Love With You"

Mike
    $1000 28
Canton

Mike
    $1000 30
"A thing of beauty is a joy forever"

Triple Stumper
    $1,000 13
South Africa

Clif
    $1000 6
Archbishop Makarios (of Cyprus)

Triple Stumper
    $1000 18
Stout

Mike
    $1000 23
(Mike: What is "Lola"?)

"You Really Got Me"

Mike
Triple Stumper

Scores at the end of the Double Jeopardy! Round:

Clif Mike Darlene
$5,200 $5,700 $4,400

[wagering suggestions for these scores]

Final Jeopardy! Round responses

CLASSIC TELEVISION
DarleneWhat is Upstairs, Downstairs
$4,300
ClifWhat was The Honeymooners
$5,000
MikeWhat is The Honeymooners?
$4,701
Upstairs, Downstairs

Final scores:

Clif Mike Darlene
$200 $999 $8,700
3rd place: Coleman Camping Equipment Package 2nd place: Trip to the Inn of the Anasazi, Santa Fe, New Mexico New champion: $8,700

Game dynamics:

Coryat scores:

Clif Mike Darlene
$6,200 $5,700 $4,400
18 R
(including 2 DDs),
3 W
(including 1 DD)
15 R,
3 W
17 R,
4 W

Combined Coryat: $16,300

[game clues] [game scores] [suggest correction]

Game tape date: 1999-09-14
The J! Archive is created by fans, for fans. Scraping, republication, monetization, and malicious use prohibited; this site may use cookies and collect identifying information. See terms. The Jeopardy! game show and all elements thereof, including but not limited to copyright and trademark thereto, are the property of Jeopardy Productions, Inc. and are protected under law. This website is not affiliated with, sponsored by, or operated by Jeopardy Productions, Inc. Join the discussion at JBoard.tv.